000 01191nam0a2200289 4500
001 RU\NLR\BIBL_A\011960873
005 20250128194045.0
010 _a978-5-298-03691-7
_91000
021 _aRU
_bКН-П-19-002817
_9КН-П-19-0199
035 _a(NLR Aleph) 011960873
090 _a13421894
_c13421894
100 _a20190315d2018 m y0rusy50 ca
101 0 _atat
102 _aRU
105 _ac z 000 y
200 1 _aДөреслек икегә төрләнмәс
_eяшәеш, әдәбият һәм сәнгать турында уйланулар
_fЗиннур Мансуров
210 _aКазан
_cТатар. кит. нәшр.
_d2018
215 _a325,[2] б., [1] л. портр.
_d25
541 1 _6z01790
_aПравда не может быть двоякой
_e[публицистика].
_zrus
686 1 _aШ6(2=Тат)7-49
686 1 _aШ5(2=Тат)-3
700 1 _aМансуров
_bЗ. М.
_f1949-
_gЗиннур Мөҗип улы
_3RU\NLR\AUTH\770236818
_4070
790 1 _6z01541
_aМансуров
_bЗ. М.
_f1949-
_gЗиннур Музипович
_3RU\NLR\AUTH\770236817
_4070
852 _aNLR
_bОНЛ
_jТатар./4-1705
942 _cBOOK
980 _aNB